000 00720nam a2200241Ia 4500
001 dia_3857
003 CHAP
005 20251029162521.0
008 220117sS.A. xx 000 0 und d
010 _a174464
040 _cCHAP
_amxchpua
090 _aFOLLETO 2593
100 _aMéxico. Secretaría de Recursos Hidraúlicos
_9155498
245 _aPrincipales enfermedades de las abejas /
_c por Secretaría de Recursos Hidraúlicos
260 _aMéxico :
_b SARH,
_cS.A.
500 _aS/c
650 _aAbejas
_xEnfermedades
_9186
650 _aApicultura
_96241
901 _a FOLLETO 2593
902 _aM
905 _a000000S.A. mx 0000000000spa00
942 _cFOLL
_2local
999 _c174464
_d174464